[Event "NED-ch 2006 sf"]
[Site "Hilversum"]
[Date "2006.03.25"]
[Round "3.1"]
[White "Ernst, Sipke"]
[Black "Visser, Yge"]
[Result "0-1"]
[WhiteElo "2478"]
[BlackElo "2485"]
[PlyCount "108"]
[EventDate "2006.02.11"]
[Source "ChessBase"]
[SourceDate "2006.11.23"]

1. d4 Nf6 2. c4 g6 3. Nc3 Bg7 4. e4 O-O 5. Be2 d6 6. Nf3 Na6 7. O-O e5 8. Be3
Ng4 9. Bg5 Qe8 10. dxe5 dxe5 11. h3 f6 12. Bd2 Nh6 13. Be3 c6 14. Rb1 Qe7 15.
b4 Nf7 16. Qc1 f5 17. exf5 gxf5 18. Re1 e4 19. b5 Nc7 20. bxc6 bxc6 21. Nh2 Ne6
22. f4 Qh4 23. Bf1 Nxf4 24. Bxf4 Bxc3 25. Qxc3 Qxf4 26. c5 Be6 27. Bc4 Bxc4 28.
Qxc4 Rad8 29. Nf1 Qe5 30. Ne3 Rd4 31. Qc2 Rd3 32. Rb7 Qg3 33. Qf2 Qxf2+ 34.
Kxf2 Ra3 35. Kg1 Ne5 36. Re7 Nd3 37. Rf1 f4 38. Rxe4 Rxa2 39. Rd4 Ra3 40. Nc4
Rc3 41. Rf3 Rc1+ 42. Rf1 Rxf1+ 43. Kxf1 Nxc5 44. Ne5 a5 45. Nxc6 Nb3 46. Ra4
Rf6 47. Ne7+ Kf7 48. Nd5 Rf5 49. Nxf4 Ke7 50. Ke2 Kd6 51. Nd3 Rd5 52. Rh4 Nd4+
53. Kd2 h5 54. Nf4 Nf3+ 0-1

[Event "NED-ch 2006 sf"]
[Site "Hilversum"]
[Date "2006.03.25"]
[Round "3.1"]
[White "L'Ami, Erwin"]
[Black "De Jong, Jan Willem"]
[Result "1/2-1/2"]
[WhiteElo "2550"]
[BlackElo "2334"]
[PlyCount "77"]
[EventDate "2006.02.11"]
[Source "ChessBase"]
[SourceDate "2006.11.23"]

1. e4 e5 2. Nf3 Nc6 3. Bb5 a6 4. Ba4 Nf6 5. O-O Nxe4 6. d4 b5 7. Bb3 d5 8. dxe5
Be6 9. Be3 Be7 10. c3 Qd7 11. Nbd2 O-O 12. Bc2 f5 13. exf6 Nxf6 14. Qb1 Kh8 15.
b4 Bd6 16. a4 Rae8 17. axb5 axb5 18. Re1 Bg4 19. Nd4 Nxd4 20. Bxd4 Rxe1+ 21.
Qxe1 Bf5 22. Bxf6 Rxf6 23. Ra8+ Rf8 24. Rxf8+ Bxf8 25. Bxf5 Qxf5 26. Qe8 h6 27.
Qxb5 Qc2 28. Qe8 Qxd2 29. Qxf8+ Kh7 30. Qf5+ Kh8 31. Qf8+ Kh7 32. Qf5+ Kh8 33.
g3 Qxc3 34. Qxd5 Qxb4 35. Qd8+ Kh7 36. Qxc7 Qe1+ 37. Kg2 Qe4+ 38. Kg1 Qe1+ 39.
Kg2 1/2-1/2

[Event "NED-ch 2006 sf"]
[Site "Hilversum"]
[Date "2006.03.25"]
[Round "3.1"]
[White "Van der Wiel, John"]
[Black "Leenhouts, Koen"]
[Result "1-0"]
[WhiteElo "2505"]
[BlackElo "2398"]
[PlyCount "59"]
[EventDate "2006.02.11"]
[Source "ChessBase"]
[SourceDate "2006.11.23"]

1. e4 e6 2. d4 d5 3. Nd2 c5 4. exd5 Qxd5 5. dxc5 Nf6 6. Ngf3 Bxc5 7. Bc4 Qd8 8.
O-O O-O 9. Qe2 a6 10. Ne4 Nxe4 11. Qxe4 Nd7 12. Bg5 Be7 13. Bd3 g6 14. Qe3 Bxg5
15. Nxg5 Qf6 16. c3 b6 17. Rad1 Nc5 18. Bc2 a5 19. Rfe1 a4 20. Rd6 Rb8 21. Red1
Ba6 22. b4 axb3 23. axb3 Rfc8 24. b4 Nb7 25. Ne4 Qe5 26. f4 Rxc3 27. Qxc3 Qxc3
28. Nxc3 Nxd6 29. Rxd6 Rc8 30. Bd3 1-0

[Event "NED-ch 2006 sf"]
[Site "Hilversum"]
[Date "2006.03.26"]
[Round "3.2"]
[White "De Jong, Jan Willem"]
[Black "L'Ami, Erwin"]
[Result "0-1"]
[WhiteElo "2334"]
[BlackElo "2550"]
[PlyCount "64"]
[EventDate "2006.02.11"]
[Source "ChessBase"]
[SourceDate "2006.11.23"]

1. d4 d5 2. c4 e6 3. Nc3 c6 4. e3 f5 5. g4 fxg4 6. Qxg4 Nf6 7. Qg2 Nbd7 8. Bd2
b6 9. cxd5 exd5 10. Bd3 Bb7 11. Nh3 g6 12. Nf4 Qe7 13. O-O-O O-O-O 14. Qg3 Qf7
15. Nh3 Nh5 16. Ng5 Qe7 17. Qg4 Kb8 18. f4 Ndf6 19. Qe2 c5 20. f5 gxf5 21. Bxf5
Ng7 22. e4 cxd4 23. Bf4+ Ka8 24. Nb5 a6 25. Nxd4 dxe4 26. Nc6 Qc5+ 27. Kb1 Re8
28. Be5 Qxc6 29. Nf7 Nxf5 30. Nxh8 Nd5 31. Nf7 Qe6 32. Qh5 Re7 0-1

[Event "NED-ch 2006 sf"]
[Site "Hilversum"]
[Date "2006.03.26"]
[Round "3.2"]
[White "Leenhouts, Koen"]
[Black "Van der Wiel, John"]
[Result "1/2-1/2"]
[WhiteElo "2398"]
[BlackElo "2505"]
[PlyCount "56"]
[EventDate "2006.02.11"]
[Source "ChessBase"]
[SourceDate "2006.11.23"]

1. e4 c5 2. Nf3 Nc6 3. Bb5 g6 4. Bxc6 bxc6 5. O-O Bg7 6. Re1 Nh6 7. d4 cxd4 8.
Nxd4 f6 9. Nc3 Nf7 10. Be3 O-O 11. Qe2 Kh8 12. Rad1 Qc7 13. h4 d6 14. h5 e5 15.
Nb3 Be6 16. hxg6 hxg6 17. f4 exf4 18. Nd4 Bd7 19. Bxf4 Ne5 20. Qf2 Kg8 21. Qg3
Qb6 22. Na4 Qa5 23. Bxe5 fxe5 24. Qb3+ d5 25. Nf3 Rab8 26. Qa3 Rxf3 27. gxf3
Bf8 28. Qe3 Qxa4 1/2-1/2

[Event "NED-ch 2006 sf"]
[Site "Hilversum"]
[Date "2006.03.26"]
[Round "3.2"]
[White "Smeets, Jan"]
[Black "Rothuis, Vincent"]
[Result "1-0"]
[WhiteElo "2550"]
[BlackElo "2342"]
[PlyCount "141"]
[EventDate "2006.02.11"]
[Source "ChessBase"]
[SourceDate "2006.11.23"]

1. e4 e5 2. Nf3 Nc6 3. Bb5 a6 4. Ba4 Nf6 5. O-O Be7 6. Re1 b5 7. Bb3 d6 8. c3
O-O 9. h3 Na5 10. Bc2 c5 11. d4 Qc7 12. Nbd2 cxd4 13. cxd4 Nc6 14. Nb3 a5 15.
Be3 a4 16. Nbd2 Nb4 17. Bb1 Bd7 18. a3 Nc6 19. Bd3 Qb7 20. b4 axb3 21. Qxb3
exd4 22. Nxd4 d5 23. exd5 Nxd4 24. Bxd4 Qxd5 25. Qxd5 Nxd5 26. Be4 Ra4 27. Nf3
Be6 28. Bxd5 Bxd5 29. Rxe7 Bxf3 30. Bc5 Rc4 31. Rc7 Be4 32. Re1 Bf5 33. Re5 Be6
34. Rb7 Rd8 35. Rxb5 h6 36. Bb4 Rd1+ 37. Kh2 Ra1 38. Re2 Kh7 39. Rbe5 Rc6 40.
R5e3 Rc4 41. Rd2 Rc8 42. Kg3 Rc4 43. Kf3 Rc6 44. Ke4 Ra2 45. Rxa2 Bxa2 46. Kd4
Rc2 47. Be1 Be6 48. Ke5 Bd7 49. Kd6 Bb5 50. h4 f6 51. g3 Kg6 52. Re7 Re2 53.
Rxe2 Bxe2 54. Ke7 Bd1 55. Kf8 Ba4 56. Bc3 Bb3 57. Bd4 Ba4 58. Be3 Bd1 59. Bd4
Bc2 60. h5+ Kh7 61. Ke7 Bd1 62. Bxf6 gxf6 63. Kxf6 Bxh5 64. f4 Bd1 65. f5 Bc2
66. g4 h5 67. gxh5 Kh6 68. Ke6 Kxh5 69. f6 Kg6 70. Ke7 Bb3 71. a4 1-0

[Event "NED-ch 2006 sf"]
[Site "Hilversum"]
[Date "2006.03.26"]
[Round "3.2"]
[White "Visser, Yge"]
[Black "Ernst, Sipke"]
[Result "1-0"]
[WhiteElo "2485"]
[BlackElo "2478"]
[PlyCount "73"]
[EventDate "2006.02.11"]
[Source "ChessBase"]
[SourceDate "2006.11.23"]

1. e4 c5 2. Nc3 Nc6 3. Bc4 e6 4. d3 Nge7 5. a3 g6 6. Nge2 Bg7 7. O-O O-O 8. Ba2
Rb8 9. Bf4 d6 10. Qd2 Re8 11. Bh6 Bh8 12. f4 b5 13. f5 exf5 14. Nf4 c4 15. Kh1
Ne5 16. h3 fxe4 17. dxe4 f6 18. Nfd5 Nxd5 19. Nxd5 Nf7 20. Be3 Rb7 21. Bd4 Ne5
22. a4 Be6 23. Bxe5 dxe5 24. axb5 Bxd5 25. exd5 Bg7 26. Bxc4 e4 27. Ra6 Kh8 28.
Qe3 f5 29. d6 Be5 30. Rd1 Rd7 31. Rd5 Qf6 32. c3 Rdd8 33. d7 Re6 34. Rxe5 Rxa6
35. Re8+ Kg7 36. bxa6 Rxd7 37. Rg8# 1-0

[Event "NED-ch 2006 sf"]
[Site "Hilversum"]
[Date "2006.03.26"]
[Round "3.3"]
[White "Smeets, Jan"]
[Black "Rothuis, Vincent"]
[Result "1/2-1/2"]
[WhiteElo "2550"]
[BlackElo "2342"]
[PlyCount "161"]
[EventDate "2006.02.11"]
[Source "ChessBase"]
[SourceDate "2006.11.23"]

1. e4 e5 2. Nf3 Nc6 3. Bb5 a6 4. Ba4 Nf6 5. O-O Be7 6. Re1 b5 7. Bb3 O-O 8. c3
d6 9. h3 Nb8 10. d4 Nbd7 11. Nbd2 Bb7 12. d5 c6 13. dxc6 Bxc6 14. Bc2 Qb8 15.
Nf1 Qb7 16. Ng3 g6 17. Bg5 Rfe8 18. Qe2 d5 19. Bxf6 Bxf6 20. exd5 Bxd5 21. Ne4
Be7 22. Rad1 Rad8 23. Bb3 Bxb3 24. axb3 Qc6 25. Ng3 f6 26. Nf1 Bf8 27. Ne3 Nc5
28. b4 Ne6 29. Rxd8 Rxd8 30. Rd1 Nf4 31. Qc2 Rxd1+ 32. Qxd1 Be7 33. h4 Qd6 34.
Qb3+ Qe6 35. Qc2 f5 36. g3 Nh5 37. Qd1 h6 38. Nd5 Bd6 39. Ne1 f4 40. g4 Ng7 41.
f3 Kf7 42. Qd3 h5 43. g5 Nf5 44. Ng2 Ng3 45. Nf6 Be7 46. Ne4 Nf5 47. Kh2 Ke8
48. Qd1 Kf7 49. Kg1 Ke8 50. Kh2 Kf7 51. Kg1 Ng7 52. Kh2 Ne8 53. Ne1 Ng7 54. Ng2
Kg8 55. Ne1 Kh7 56. Ng2 Nf5 57. Qd3 Qc6 58. Kg1 Kg7 59. Kh2 Kf7 60. Kg1 Ke6 61.
Kf1 Qb7 62. Qd1 Qa8 63. Ke2 Qd5 64. Qa1 Qc4+ 65. Kf2 Qc6 66. Qa2+ Kd7 67. Qf7
Kd8 68. Qg8+ Kd7 69. Qf7 Kc8 70. Kg1 Bd8 71. Kh2 Be7 72. Qg8+ Kc7 73. Qf7 Kb6
74. Qg8 Kb7 75. Qf7 Kb6 76. Qg8 Kb7 77. Qh8 Qe6 78. Qe8 Qc6 79. Qf7 Kb6 80. Qg8
Kb7 81. Qg7 1/2-1/2